Dinastie europee - Medici - Statistics

Statistiche generali
  • Questo quiz è stato fatto 52 volte
  • Il punteggio medio è 10 su 21
Statistiche sulle risposte
Titolo Anni Nome Eventuale epiteto % Corretto
1469-1492 Lorenzo Il Magnifico
100%
1516-1519 Lorenzo
100%
Signore di Firenze 1434-1464 Cosimo Il Vecchio
73%
Granduca di Toscana 1537-1574 Cosimo I
73%
1609-1621 Cosimo II
73%
1670-1723 Cosimo III
73%
Gonfaloniere di Giustizia di Firenze 1421 Giovanni Bicci
51%
1512-1513 Giovanni papa Leone X
51%
1574-1587 Francesco
46%
1464-1469 Piero Il Gottoso
46%
1492-1494 Piero Il Fatuo
46%
1513-1516 Giuliano
41%
1519-1523 Giulio papa Clemente VII
41%
Duca di Firenze 1527-1537 Alessandro Il Moro
39%
1587-1609 Ferdinando I
34%
1621-1670 Ferdinando II
34%
1723-1737 Gian Gastone
27%
Gonfaloniere di Giustizia di Firenze 1318 Averardo
12%
/ Averardo
12%
/ / Salvestro Chiarissimo
12%
1523-1527 Ippolito
7%
Nessun quiz corrispondente trovato
Distribuzione punteggi
Percentuale di utenti per punteggio
Percentile per numero di risposta
I tuoi punteggi nel tempo
Non hai fatto questo quiz